Estudio de prefactibilidad de una planta procesadora de fruta y la comercialización de la pulpa en la ciudad de Managua
Presenta los factores principales que influyen en la creación de la procesadora de frutas y comercialización de pulpa de pulpa congelada de fruta en la ciudad de Managua, incluye estudio de mercado, estudio técnico y estudio ambiental.
| Main Author: | |
|---|---|
| Other Authors: | |
| Format: | Tesis Section = Libro |
| Language: | Undetermined Spanish |
| Published: |
Managua
UNI
2011
|
| Subjects: |
| LEADER | 01055nam a2200241Ia 4500 | ||
|---|---|---|---|
| 008 | 240830s9999 xx 000 0 und d | ||
| 040 | |a BIBLIOTECA-RUPAP Mon 658.404 C146 | ||
| 041 | |a spa | ||
| 082 | |a Mon 658.404 C146 | ||
| 100 | 1 | |a Caldera Jarquín, Mario Joaquín | |
| 245 | 1 | 0 | |a Estudio de prefactibilidad de una planta procesadora de fruta y la comercialización de la pulpa en la ciudad de Managua |
| 260 | |a Managua |b UNI |c 2011 | ||
| 300 | |a 164 p. :il. | ||
| 500 | |a Contiene: anexos e Incluye: CD. | ||
| 502 | |a Tesis (Ingeniero Industrial)- UNI, 2011. | ||
| 520 | 3 | |a Presenta los factores principales que influyen en la creación de la procesadora de frutas y comercialización de pulpa de pulpa congelada de fruta en la ciudad de Managua, incluye estudio de mercado, estudio técnico y estudio ambiental. | |
| 650 | 7 | |a ADMINISTRACION DE PROYECTOS - CONGELACION DE FRUTAS | |
| 650 | 7 | |b ESTUDIO DE MERCADO | |
| 650 | 7 | |c FRUTAS - COMERCIO | |
| 700 | 1 | |a Tutor: |b Caldera Alfaro, Mario José | |
| 942 | |c BK |2 ddc | ||
| 991 | |a TESIS | ||
| 999 | |c 17325 | ||